004350000a22001570004500003001100000008004100011020001500052040003900067041000800106082001300114100002000127245008000147250000800227260003300235300000900268LK-CoMWRAF230817t ||||| |||| 00| 0 eng d a9558398039 aLK-CoMWRAFdLK-CoMWRAFeLK-CoMWRAF aeng a160bALA aA.A.Thaha Jabir aIslamiya sattaviyalil penkalin satchiyambTestimony of Women in Islamic Law a1st aSri LankabFUZIN TEXTSY2001 ap.46